| 000 | 00754nam a2200229Ia 4500 | ||
|---|---|---|---|
| 003 | GCL | ||
| 008 | 140319s9999 xx 000 0 ara d | ||
| 020 | _a2033259953 | ||
| 040 |
_aGCL / _cGCL |
||
| 082 | 0 | 4 |
_a358.38 _bط ح |
| 100 | 1 | _aطارق مراد | |
| 245 | 1 | 0 |
_aالحرب البيولوجية والجمرة الخبيثة / _cطارق مراد |
| 250 | _aالاولى | ||
| 260 |
_aبيروت : _bدار الفكر العربى ، _c2002 |
||
| 300 |
_a120 ص ؛ _c24 سم |
||
| 650 | 0 | 4 | _aالعدوى والامراض المعدية |
| 650 | 0 | 4 | _aالحرب الكيميائية |
| 650 | 0 | 4 | _aجرائم ضد الانسانية |
| 650 | 0 | 4 | _aالحرب البيولوجية |
| 650 | 0 | 4 | _aالجمرة الخبيثة |
| 942 |
_2ddc _cBK |
||
| 999 |
_c5442 _d5442 |
||